00418nam a2200121 a 4500008004100000050002300041110004700064245004900111260006400160300001700224350000900241650004600250120416s2005 ||||||||||||||||| || u aGOV.ZAM(02)2005/1A aGovernment of the Republic of Zambia (GRZ)10aDraft Constitution of the Republic of Zambia aLusakabConstitution Review Commission (CRC) - Zambiac2005 a276p. : ill. a0.00 aCONSTITUTION--LAW AND LEGISLATION--ZAMBIA